000 00921nam a22001937a 4500
003 OSt
005 20260129082815.0
008 260129b |||||||| |||| 00| 0 eng d
040 _aDWCL GS library
_cOC
082 _aFic. C112p 2002
100 _aCabot, Meg
245 _aprincess in love
260 _aNew York
_bHarpercollins Publishers, Inc.
_cc2002
300 _a260
_c17cm
520 _aPrincess mia may seem luckiest girl ever. But the truth is, mia spends all her time doing one of three things preparing for her nerve-racking entree into genovian society, slogging through the congestion unique to manhattan in december, and avoiding further smooches from her hapless boyfriend, kenny. For mia, being a princess in love is not the fairy tale it's supposed to be ... or is it?
546 _aenglish
700 _aMeg Cabot
942 _2ddc
_cFIC.
_hFic. C112P 2002
_n0
999 _c8005
_d8005